01302nam a2200337 a 4500001001200000003000800012006001900020007001500039008004100054010001700095020003100112020002700143040002100170035002100191050002300212082001200235100001900247245010400266260004100370300002600411504004100437533015200478650002600630650004600656650004700702650002400749655002900773710001700802856012600819999001900945ebr10672789CaPaEBRm u cr cn|||||||||121109s2013 nyuab sb 000 0 eng d z 2012040173 z9781935408284 (alk. paper) z9781935408413 (e-book) aCaPaEBRcCaPaEBR a(OCoLC)82886895314aG70.4b.K87 2013eb04a5262231 aKurgan, Laura.10aClose up at a distanceh[electronic resource] :bmapping, technology, and politics /cLaura Kurgan. aBrooklyn, N.Y. :bZone Books,c2013. a228 p. :bill., maps. aIncludes bibliographical references. aElectronic reproduction.bPalo Alto, Calif. :cebrary,d2013.nAvailable via World Wide Web.nAccess may be limited to ebrary affiliated libraries. 0aSatellite image maps. 0aRemote-sensing imagesxPolitical aspects. 0aGlobal positioning systemxSocial aspects. 0aAerial photography. 7aElectronic books.2local2 aebrary, Inc.40uhttp://site.ebrary.com/lib/rucke/Doc?id=10672789zAn electronic book accessible through the World Wide Web; click to view c176730d176730